[Event "Ch Spain (juniors) (under 20)"]
[Site "masterchessopen.com Mondariz (Spain)"]
[Round "1"]
[White "Reinaldo Castineira Roi (ESP)"]
[Black "Serrano Salvador Eduardo (ESP)"]
[Result "1-0"]
[WhiteElo "2416"]
[BlackElo "2119"]

1.e4 c5 2.Nf3 e6 3.d4 cxd4 4.Nxd4 Nc6 5.Nc3 Qc7 6.Be3 a6 7.Bd3 Nf6 8.O-O Be7
9.Kh1 O-O 10.f4 d6 11.Qf3 Re8 12.Rae1 Rb8 13.Nxc6 bxc6 14.e5 Nd5 15.Ne4 Nxe3
16.Rxe3 d5 17.Nf6+ Bxf6 18.exf6 g6 19.f5 {#r} 1-0

[Event "Ch Yugoslavia (team)"]
[Site "masterchessopen.com Novi Sad (Yugoslavia)"]
[Round "4"]
[White "Danilovic Alexandar (SRB)"]
[Black "Djukic Nikola (MNE)"]
[Result "0-1"]
[WhiteElo "2392"]
[BlackElo "2332"]

1.e4 c5 2.Nf3 Nc6 3.d4 cxd4 4.Nxd4 Qc7 5.Nc3 e6 6.Be3 a6 7.Bd3 Nf6 8.O-O Ne5
9.h3 Bc5 10.Kh1 d6 11.f4 Ng6 12.Qe1 O-O 13.f5 Ne5 14.Qh4 b5 15.Rf3 Nxf3
16.gxf3 Kh8 17.Rg1 Rg8 18.e5 dxe5 19.Bg5 Bxd4 20.Bxf6 Bxg1 21.Ne4 gxf6 22.Nxf6
Rg7 23.Ne8 Qc6 24.Nxg7 Qxf3+ 25.Kxg1 Bb7 {#R} 0-1

[Event "It (open)"]
[Site "masterchessopen.com Stratton Mountain (USA)"]
[Round "3"]
[White "Hossain Enamul (BAN)"]
[Black "Lazarev Vladimir (FRA)"]
[Result "1-0"]
[WhiteElo "2314"]
[BlackElo "2478"]

1.e4 c5 2.Nf3 Nc6 3.d4 cxd4 4.Nxd4 Qc7 5.Nc3 e6 6.Be3 a6 7.Bd3 b5 8.O-O Bb7
9.Qe2 Nf6 10.a3 Bd6 11.f4 Nxd4 12.Bxd4 Bc5 13.Bxc5 Qxc5+ 14.Kh1 d6 15.e5 dxe5
16.fxe5 Nd7 17.Be4 Bxe4 18.Nxe4 Qxe5 19.Rad1 f6 20.Qg4 f5 21.Nd6+ Ke7 22.Nxf5+
exf5 23.Rxf5 Qxb2 24.Qe4+ {#r} 1-0

[Event "Ch Russia (juniors) (under 20)"]
[Site "masterchessopen.com Ufa (Russia)"]
[Round "7"]
[White "Skorchenko Dmitriy (RUS)"]
[Black "Khismatullin Denis (RUS)"]
[Result "0-1"]
[WhiteElo "2394"]
[BlackElo "2349"]

1.e4 c5 2.Nf3 Nc6 3.d4 cxd4 4.Nxd4 e6 5.Nc3 a6 6.Be3 Qc7 7.Bd3 Nf6 8.O-O Bd6
9.Nxc6 bxc6 10.f4 e5 11.f5 Be7 12.Qf3 Bb7 13.Na4 d5 14.Bb6 Qb8 15.c4 dxc4
16.Bxc4 c5 17.Rfe1 Bc6 18.Qb3 O-O 19.Nxc5 Bb5 20.Bxf7+ Rxf7 21.Qe6 Nd7 22.Nxd7
Bxd7 23.Qb3 Qb7 24.Qe3 Bc6 25.Rac1 Bg5 {#R} 0-1

[Event "Memorial Godal (open)"]
[Site "masterchessopen.com Fuzesabony (Hungary)"]
[Date "2000.08.19"]
[Round "6"]
[White "Kerek Krisztian (HUN)"]
[Black "Veres Jozsef (HUN)"]
[Result "1-0"]
[WhiteElo "2353"]
[BlackElo "2142"]

1.e4 c5 2.Nf3 e6 3.d4 cxd4 4.Nxd4 Nc6 5.Nc3 Qc7 6.Be3 a6 7.Bd3 Nf6 8.O-O Nxd4
9.Bxd4 Bc5 10.Bxf6 gxf6 11.Kh1 Qf4 12.Ne2 Qh4 13.f4 Rg8 14.Qd2 Qg4 15.Ng3 Rg6
16.f5 Rg5 17.Rf4 {#r} 1-0

[Event "Ch Hungary (juniors) (under 18)"]
[Site "masterchessopen.com Balatonlelle (Hungary)"]
[Round "5"]
[White "Guld Attila (HUN)"]
[Black "Flumbort Andras (HUN)"]
[Result "0-1"]
[WhiteElo "2150"]
[BlackElo "2434"]

1.e4 c5 2.Nf3 Nc6 3.Nc3 e6 4.d4 cxd4 5.Nxd4 Qc7 6.Be3 a6 7.Bd3 Nf6 8.O-O Ne5
9.h3 Bc5 10.Kh1 d6 11.f4 Ng6 12.Qe2 O-O 13.Rae1 b5 14.Nf3 Nh5 15.Qf2 Bxe3
16.Rxe3 Nhxf4 17.Nd4 Bb7 18.a4 bxa4 19.Nxa4 f5 20.Nf3 fxe4 21.Bxe4 Bxe4
22.Rxe4 d5 23.Rb4 e5 24.Qd2 e4 25.Nd4 Nd3 {#R} 0-1

[Event "Match \"]
[Site "masterchessopen.com Battle Abbey (England)"]
[Round "3"]
[White "Schlander Sabine (GER)"]
[Black "Flear Christine (FRA)"]
[Result "0-1"]
[WhiteElo "2018"]
[BlackElo "2164"]

1.e4 c5 2.Nf3 Nc6 3.d4 cxd4 4.Nxd4 Qc7 5.Nc3 e6 6.Be3 a6 7.Qd2 Nf6 8.f3 Ne5
9.Nb3 b5 10.Be2 Bb7 11.O-O-O Rc8 12.g4 b4 13.Na4 Bxe4 14.Nac5 Nxf3 15.Bxf3
Bxf3 16.Nxa6 Qc6 17.Nd4 Qxa6 18.Nxf3 Qxa2 19.Qd3 b3 20.Nd4 bxc2 21.Nxc2 Bb4
{#R} 0-1

[Event "Cup Porz"]
[Site "masterchessopen.com Dresden (Germany)"]
[Round "2"]
[White "Paehtz Elisabeth (GER)"]
[Black "Horvath Adam (HUN)"]
[Result "1-0"]
[WhiteElo "2392"]
[BlackElo "2490"]

1.e4 c5 2.Nf3 e6 3.d4 cxd4 4.Nxd4 Nc6 5.Nc3 Qc7 6.Be3 a6 7.Bd3 Nf6 8.O-O Ne5
9.h3 Bc5 10.Kh1 d6 11.f4 Ng6 12.Qe1 O-O 13.f5 Ne5 14.Qh4 Bd7 15.Rf3 Nxf3
16.gxf3 Kh8 17.Rg1 Rg8 18.fxe6 Bxe6 19.e5 Bxd4 20.exf6 g6 21.Bxd4 d5 22.Rg5
{#r} 1-0

[Event "It (open)"]
[Site "masterchessopen.com Graz (Austria)"]
[Round "6"]
[White "Berger Stefan (SUI)"]
[Black "Roerig Gerhard (GER)"]
[Result "0-1"]
[WhiteElo "2003"]
[BlackElo "1916"]

1.e4 c5 2.Nf3 e6 3.d4 cxd4 4.Nxd4 a6 5.Nc3 Nc6 6.Be3 Qc7 7.Qd2 Nf6 8.Be2 Bb4
9.f3 d5 10.O-O O-O 11.Bd3 Nxd4 12.Bxd4 e5 13.Qg5 exd4 14.e5 h6 15.Qh4 Qxe5
16.Rae1 Qd6 17.Qxd4 Bc5 {#R} 0-1

[Event "Cup Glorney"]
[Site "masterchessopen.com Hyeres (France)"]
[Round "2"]
[White "Tan Desmond (ENG)"]
[Black "Rigg Gordon (SCO)"]
[Result "1-0"]
[WhiteElo "2271"]
[BlackElo "2133"]

1.e4 c5 2.Nc3 Nc6 3.Nf3 e6 4.d4 cxd4 5.Nxd4 a6 6.Be3 Qc7 7.Bd3 Nf6 8.O-O Nxd4
9.Bxd4 Bc5 10.Bxc5 Qxc5 11.Qe2 d6 12.Kh1 b5 13.f4 Bb7 14.Rad1 O-O 15.e5 dxe5
16.fxe5 Ne8 17.Rf4 h6 18.Rdf1 Qe7 19.Ne4 Rb8 20.Nf6+ Nxf6 21.exf6 Qc5 22.fxg7
Rfd8 23.Rxf7 Qc6 24.Rf8+ Rxf8 25.gxf8=Q+ {#r} 1-0

[Event "Ch World (juniors) (under 14) (g)"]
[Site "masterchessopen.com Oropesa (Spain)"]
[Round "2"]
[White "Yanjindulam Dulamsuren (MGL)"]
[Black "Ambrosi Eleonora (ITA)"]
[Result "1-0"]
[WhiteElo "2205"]
[BlackElo "2095"]

1.e4 c5 2.Nf3 e6 3.d4 cxd4 4.Nxd4 Nc6 5.Nc3 a6 6.Be3 Qc7 7.Qd2 Nf6 8.f3 d6
9.O-O-O b5 10.Kb1 Bd7 11.g4 h5 12.g5 Ng8 13.Ndxb5 axb5 14.Nxb5 Qb8 15.Bc5 Ne5
16.Bxd6 Bxd6 17.Nxd6+ Ke7 18.f4 Qa7 19.h3 Nc6 20.Nb5 {#r} 1-0

[Event "It (open)"]
[Site "masterchessopen.com Cseppko (Hungary)"]
[Date "2001.07.20"]
[Round "6"]
[White "Toth Szilvia (HUN)"]
[Black "Toth Timea (HUN)"]
[Result "0-1"]
[WhiteElo "2012"]
[BlackElo "1964"]

1.e4 c5 2.Nf3 Nc6 3.d4 cxd4 4.Nxd4 Qc7 5.Nc3 e6 6.Be3 a6 7.Bd3 Nf6 8.O-O b5
9.a3 Bb7 10.Kh1 h5 11.Qe2 Ng4 12.g3 Nxe3 13.Qxe3 Bc5 14.Nce2 e5 15.c3 exd4
16.cxd4 Be7 17.Rac1 Qd8 {#R} 0-1

[Event "Ch Europe"]
[Site "masterchessopen.com Batumi (Georgia)"]
[Round "5"]
[White "Atakisi Umut (TUR)"]
[Black "Ataman Alper (TUR)"]
[Result "1-0"]
[WhiteElo "2319"]
[BlackElo "2161"]

1.e4 c5 2.Nf3 Nc6 3.d4 cxd4 4.Nxd4 Qc7 5.Nc3 e6 6.Be3 a6 7.Bd3 b5 8.Nxc6 Qxc6
9.O-O Bb7 10.a3 Nf6 11.Qe2 Be7 12.f4 O-O 13.e5 Nd5 14.Nxd5 Qxd5 15.c4 bxc4
16.Bxc4 Qa5 17.b4 Qd8 18.f5 exf5 19.Rxf5 Be4 20.Rxf7 Kh8 21.Rxf8+ Qxf8 22.Rf1
Qc8 23.Rf7 Qe8 24.Bh6 {#r} 1-0

[Event "It (open)"]
[Site "masterchessopen.com Dresden (Germany)"]
[Round "2"]
[White "Mainka Romuald (GER)"]
[Black "Helm Leonie (GER)"]
[Result "1-0"]
[WhiteElo "2432"]
[BlackElo "2201"]

1.e4 c5 2.Nf3 e6 3.d4 cxd4 4.Nxd4 Nc6 5.Nc3 Qc7 6.Be3 a6 7.Bd3 Nf6 8.O-O Ne5
9.h3 Bc5 10.Na4 Ba7 11.c4 d6 12.Rc1 O-O 13.Nc3 Bd7 14.Kh1 Rac8 15.b3 Bc5
16.Bb1 Qa5 17.f4 Ng6 18.e5 Nxe5 19.fxe5 dxe5 20.Rxf6 Bxd4 21.Qd3 Rfd8 22.Qxh7+
Kf8 23.Bh6 Ke7 24.Rxf7+ Kxf7 25.Qxg7+ {#r} 1-0

[Event "It (open)"]
[Site "masterchessopen.com Ikaria (Greece)"]
[Round "2"]
[White "Stiri Alexandra (GRE)"]
[Black "Posharsky Vikto (RUS)"]
[Result "0-1"]
[WhiteElo "2167"]
[BlackElo "2235"]

1.e4 c5 2.Nf3 Nc6 3.d4 cxd4 4.Nxd4 Qc7 5.Nc3 e6 6.Be3 a6 7.Qd2 Nf6 8.f3 b5
9.g4 b4 10.Na4 d5 11.Nxc6 Qxc6 12.Nb6 Rb8 13.g5 Rxb6 14.Bxb6 Qxb6 15.gxf6 gxf6
16.exd5 Bc5 17.Qe2 Be3 18.Rd1 exd5 19.Rxd5 O-O 20.Qd3 Bb7 21.Rd6 Bf2+ 22.Kd2
Qa5 23.h4 Re8 24.Qb3 Qe5 {#R} 0-1

[Event "It (open)"]
[Site "masterchessopen.com Issy Les Moulineaux (France)"]
[Round "3"]
[White "Marin Frederic-Vincent (FRA)"]
[Black "Le Bideau Alain (FRA)"]
[Result "0-1"]
[WhiteElo "1969"]
[BlackElo "2218"]

1.e4 c5 2.Nf3 e6 3.d4 cxd4 4.Nxd4 a6 5.Nc3 Nc6 6.Be3 Qc7 7.Qg4 Nf6 8.Qd1 Bb4
9.f3 d5 10.exd5 Nxd5 11.Qd2 Qe5 12.Kf2 Nxe3 13.Nxc6 bxc6 14.Qxe3 Bc5 {#R} 0-1

[Event "Cup Kali (cat.2)"]
[Site "masterchessopen.com Kali (Hungary)"]
[Round "4"]
[White "Kosztolanczi Gyula (HUN)"]
[Black "Lakos Nikoletta (HUN)"]
[Result "0-1"]
[WhiteElo "2173"]
[BlackElo "2350"]

1.e4 c5 2.Nf3 Nc6 3.d4 cxd4 4.Nxd4 Qc7 5.Nc3 e6 6.Be3 a6 7.Bd3 Nf6 8.O-O Ne5
9.h3 Bc5 10.f4 d6 11.fxe5 dxe5 12.Rxf6 exd4 13.Bb5+ axb5 14.Nxb5 Qe7 15.Bf4 e5
16.b4 gxf6 17.bxc5 Qxc5 18.Qh5 Qxb5 19.Bh6 Rg8 20.Bd2 Be6 21.a4 Rxa4 22.Rf1
Rg6 23.Qxh7 Qe2 {#R} 0-1

[Event "It (open)"]
[Site "masterchessopen.com Kaluga (Russia)"]
[Round "5"]
[White "Amonatov Farrukh (TJK)"]
[Black "Ulko Jaroslav (RUS)"]
[Result "1-0"]
[WhiteElo "2549"]
[BlackElo "2472"]

1.e4 c5 2.Nf3 e6 3.d4 cxd4 4.Nxd4 Nc6 5.Nc3 Qc7 6.Be3 a6 7.Qd2 Nf6 8.O-O-O b5
9.Bf4 Qb7 10.e5 b4 11.exf6 bxc3 12.Qxc3 Nb4 13.Bc4 g5 14.Bxg5 Rg8 15.Bf4 d5
16.Bb3 Bd7 17.Rhe1 a5 18.Qh3 a4 19.Nxe6 fxe6 20.Rxe6+ Kd8 21.f7 axb3 22.Qh4+
{#r} 1-0

[Event "Ch Switzerland (open)"]
[Site "masterchessopen.com Leukerbad (Switzerland)"]
[Round "8"]
[White "Peptan Corina-Isabela (ROM)"]
[Black "Illijin Neboisa (ROM)"]
[Result "1-0"]
[WhiteElo "2470"]
[BlackElo "2282"]

1.e4 c5 2.Nf3 e6 3.d4 cxd4 4.Nxd4 Nc6 5.Nc3 Qc7 6.Be3 a6 7.Bd3 Nf6 8.O-O b5
9.Qe2 Bb7 10.Nxc6 Qxc6 11.Bd4 Be7 12.a3 h5 13.h3 h4 14.b4 Rc8 15.a4 Bxb4
16.axb5 axb5 17.Nxb5 Rd8 18.Rab1 Be7 19.Na7 Qc7 20.Bb6 Qf4 21.e5 Bd5 22.Nb5
Rc8 23.exf6 gxf6 24.Be3 Qa4 25.Ra1 {#r} 1-0

[Event "Ch City"]
[Site "masterchessopen.com Madrid (Spain)"]
[Round "4"]
[White "Roa Alonso Santiago (ESP)"]
[Black "Morales Jhon Alexander (COL)"]
[Result "1-0"]
[WhiteElo "2326"]
[BlackElo "2329"]

1.e4 c5 2.Nf3 Nc6 3.d4 cxd4 4.Nxd4 Qc7 5.Nc3 e6 6.Be3 a6 7.Bd3 Nf6 8.O-O h5
9.h3 Bd6 10.f4 Nxd4 11.e5 Bc5 12.exf6 Nf5 13.Bxc5 Qxc5+ 14.Rf2 gxf6 15.Bxf5
Qxf5 16.Qd6 b5 17.Rd1 Ra7 18.Rd5 {#r} 1-0

[Event "Ch Europe (juniors) (under 12)"]
[Site "masterchessopen.com Peniscola (Spain)"]
[Round "3"]
[White "Narmontas Matas (LTU)"]
[Black "Andreikin Dmitry (RUS)"]
[Result "0-1"]
[WhiteElo "2098"]
[BlackElo "2342"]

1.e4 c5 2.Nf3 Nc6 3.d4 cxd4 4.Nxd4 Qc7 5.Nc3 e6 6.Be3 a6 7.Bd3 Nf6 8.O-O Bd6
9.Nxc6 dxc6 10.f4 e5 11.f5 b5 12.a3 Bb7 13.Kh1 Qe7 14.Ne2 Bc5 15.Bxc5 Qxc5
16.Qe1 Rd8 17.b4 Qe7 18.Qg3 O-O 19.Qe3 c5 20.bxc5 {#R} 0-1

[Event "Ch Central Region (juniors) (under 12) (g)"]
[Site "masterchessopen.com Tula (Russia)"]
[Round "4"]
[White "Andrushko Maria (RUS)"]
[Black "Korchenkova Irina (RUS)"]
[Result "1-0"]
[WhiteElo "2009"]
[BlackElo "2085"]

1.e4 c5 2.Nf3 e6 3.d4 cxd4 4.Nxd4 a6 5.Nc3 Qc7 6.Be3 Nc6 7.Bd3 Nf6 8.O-O b5
9.Nce2 Bb7 10.Ng3 Ne5 11.f4 Nxd3 12.cxd3 Be7 13.Rc1 Qd8 14.e5 Nd5 15.Qe2 Nxe3
16.Qxe3 O-O 17.f5 Bd5 18.f6 gxf6 19.Qh6 Qb6 20.Rf4 Be4 21.Rxe4 f5 22.Nh5 Bf6
23.Nxf6+ Kh8 24.Qxh7# 1-0

[Event "It"]
[Site "masterchessopen.com Vladimir (Russia)"]
[Round "0"]
[White "Atalik Suat (BIH)"]
[Black "Ulko Jaroslav (RUS)"]
[Result "1-0"]
[WhiteElo "2581"]
[BlackElo "2472"]

1.e4 c5 2.Nf3 e6 3.d4 cxd4 4.Nxd4 Nc6 5.Nc3 Qc7 6.Be3 a6 7.Qd2 Nf6 8.O-O-O Bb4
9.f3 d5 10.a3 Bxc3 11.Qxc3 dxe4 12.Nxc6 Qxc6 13.Qe5 O-O 14.Rd6 Qe8 15.Bg5 Qe7
16.fxe4 Re8 17.Qg3 h6 18.Bxf6 Qxf6 19.e5 Qe7 20.Bd3 b5 21.Rd4 Bb7 22.Rg4 Qf8
23.Rf1 Red8 24.Rff4 Ra7 25.Bg6 {#r} 1-0

[Event "It (open)"]
[Site "masterchessopen.com Batumi (Georgia)"]
[Round "5"]
[White "Gagunashvili Merab (GEO)"]
[Black "Chibukhchian Artur (ARM)"]
[Result "1-0"]
[WhiteElo "2567"]
[BlackElo "2402"]

1.e4 c5 2.Nf3 Nc6 3.d4 cxd4 4.Nxd4 Qc7 5.Nc3 e6 6.Be3 a6 7.Bd3 Nf6 8.O-O Ne5
9.h3 Bc5 10.Kh1 d6 11.f4 Ng6 12.Qe1 O-O 13.f5 Ne5 14.Qh4 Nc6 15.Nxc6 Bxe3
16.e5 exf5 17.exf6 bxc6 18.fxg7 Re8 19.Rae1 Bd7 20.Rxf5 Bxf5 21.Bxf5 Kxg7
22.Qxh7+ Kf6 23.Ne4+ Rxe4 24.Bxe4 Qa7 {#r} 1-0

[Event "It (open)"]
[Site "masterchessopen.com Bochum (Germany)"]
[Round "1"]
[White "Saltaev Mihail (UZB)"]
[Black "Lehmann Holger (GER)"]
[Result "1-0"]
[WhiteElo "2485"]
[BlackElo "2182"]

1.e4 c5 2.Nf3 Nc6 3.Nc3 e6 4.d4 cxd4 5.Nxd4 Qc7 6.Be3 a6 7.Bd3 Nf6 8.O-O d6
9.Kh1 Be7 10.f4 b5 11.Qf3 Bb7 12.Rfe1 g6 13.Qh3 h5 14.f5 gxf5 15.exf5 Nxd4
16.Bxd4 e5 17.Ne4 Nxe4 18.Bxe4 Bxe4 19.Rxe4 Qxc2 20.Qf3 Kd7 21.f6 Bxf6 22.Bc3
Rag8 23.Qf5+ Kd8 24.Ba5+ {#r} 1-0

[Event "Tournament (Elo) (b)"]
[Site "masterchessopen.com Budapest (Hungary)"]
[Round "9"]
[White "Boros Koppany (HUN)"]
[Black "Bodrogi Laszlo (HUN)"]
[Result "1-0"]
[WhiteElo "2035"]
[BlackElo "2085"]

1.e4 c5 2.Nf3 e6 3.d4 cxd4 4.Nxd4 Nc6 5.Nc3 Qc7 6.Be3 a6 7.Qd2 b5 8.Be2 Bb7
9.O-O Rc8 10.Rad1 Nge7 11.Ndxb5 {#r} 1-0

[Event "Olympiad (under 16)"]
[Site "masterchessopen.com Denizli (Turkey)"]
[Round "10"]
[White "Sengupta Deep (IND)"]
[Black "Nikolopoulos Georgios (GRE)"]
[Result "1-0"]
[WhiteElo "2359"]
[BlackElo "2067"]

1.e4 c5 2.Nf3 Nc6 3.d4 cxd4 4.Nxd4 Qc7 5.Nc3 e6 6.Be3 a6 7.Qd2 Nf6 8.O-O-O Bb4
9.f3 d5 10.a3 Ba5 11.Nb3 dxe4 12.Nxa5 Nxa5 13.Bf4 Qd7 14.Bd6 exf3 15.gxf3 b6
16.Qg5 Rg8 17.Rg1 Qc6 18.Bb4 e5 19.Rd6 Qxf3 20.Rxf6 Qxf6 21.Qxf6 gxf6 22.Rxg8+
Kd7 23.Bh3+ Kc7 24.Nd5+ Kb7 25.Rxc8 {#r} 1-0

[Event "It"]
[Site "masterchessopen.com Krasnodar (Russia)"]
[Round "0"]
[White "Savchenko Boris (RUS)"]
[Black "Geller Jakov (RUS)"]
[Result "1-0"]
[WhiteElo "2484"]
[BlackElo "2489"]

1.e4 c5 2.Nf3 Nc6 3.Nc3 e6 4.d4 cxd4 5.Nxd4 Qc7 6.Be3 a6 7.Qd2 Nf6 8.O-O-O Bb4
9.f3 Ne5 10.Nb3 b5 11.Kb1 Rb8 12.Bd4 Be7 13.Qg5 Nc4 14.e5 h6 15.Qxg7 Rg8
16.exf6 Rxg7 17.fxg7 {#r} 1-0

[Event "It (open)"]
[Site "masterchessopen.com Marin (Spain)"]
[Round "3"]
[White "Janev Evgeni (BUL)"]
[Black "Iotov Valentin (BUL)"]
[Result "1-0"]
[WhiteElo "2424"]
[BlackElo "2414"]

1.e4 c5 2.Nf3 e6 3.d4 cxd4 4.Nxd4 Nc6 5.Nc3 Qc7 6.Be3 a6 7.Qd2 Nf6 8.f3 Bb4
9.a3 Be7 10.g4 d6 11.g5 Nd7 12.f4 O-O 13.h4 Nxd4 14.Bxd4 e5 15.Nd5 Qd8 16.Bc3
exf4 17.Qxf4 Ne5 18.O-O-O Be6 19.Nxe7+ Qxe7 20.Bb4 Ng6 21.Qg3 Rfd8 22.h5 Nf8
23.h6 gxh6 24.gxh6+ Ng6 25.e5 {#r} 1-0

[Event "It (open)"]
[Site "masterchessopen.com Pedrido (Spain)"]
[Round "4"]
[White "Sanchez Aller Fernando (ESP)"]
[Black "Iotov Valentin (BUL)"]
[Result "0-1"]
[WhiteElo "2216"]
[BlackElo "2414"]

1.e4 c5 2.Nf3 e6 3.d4 cxd4 4.Nxd4 Nc6 5.Nc3 Qc7 6.Be3 a6 7.Bd3 Nf6 8.O-O Ne5
9.h3 Bc5 10.Kh1 d6 11.f4 Ng6 12.Qe1 O-O 13.f5 Ne5 14.Qh4 b5 15.Rf3 Nxf3
16.gxf3 Kh8 17.Rg1 Rg8 18.e5 Bxd4 19.Bxd4 dxe5 20.Be3 exf5 21.Bg5 Qc6 22.Kh2
Bd7 {#R} 0-1

[Event "It (open)"]
[Site "masterchessopen.com Plancoet (France)"]
[Round "2"]
[White "Le Henaff Julien (FRA)"]
[Black "Gorge Eric (FRA)"]
[Result "0-1"]
[WhiteElo "1920"]
[BlackElo "2102"]

1.e4 c5 2.Nf3 Nc6 3.d4 cxd4 4.Nxd4 e6 5.Nc3 Qc7 6.Be3 a6 7.a3 Nf6 8.Nb3 Be7
9.Bd3 Ne5 10.O-O Neg4 11.g3 Nxe3 12.fxe3 b5 13.Qf3 Bb7 14.Qf4 Bd6 15.Qf3 h5
16.Rf2 O-O-O 17.Nd2 Ng4 18.Rg2 Nxe3 19.Re2 Ng4 20.Nb3 f5 21.Rae1 h4 22.h3 Ne5
23.Qe3 hxg3 24.Kg2 f4 {#R} 0-1

[Event "Ch Europe (team)"]
[Site "masterchessopen.com Plovdiv (Bulgaria)"]
[Round "8"]
[White "Azarov Sergei (BLR)"]
[Black "Ivanisevic Ivan (SRB)"]
[Result "1-0"]
[WhiteElo "2556"]
[BlackElo "2533"]

{ Azarov Sergei (BLR) +0 =1 -0 Ivanisevic Ivan (YUG) +1 =4 -1 } 1.e4 { 1 }
1...c5 2.Nf3 e6 3.d4 cxd4 4.Nxd4 Nc6 5.Nc3 Qc7 6.Be3 a6 7.Qd2 { = } ( 7.Bd3
Nf6 8.O-O h5 9.h3 b5 10.Nxc6 Qxc6 11.a3 Bb7 12.Qe2 Rc8 13.Rfd1 Bd6 14.f4 Bc5
15.Rd2 h4 16.Kh2 Nh5 17.Rad1 g5 18.fxg5 Qc7+ 19.Kg1 Rg8 20.Bxc5 Qxc5+ 21.Qf2
Rxg5 22.Qxc5 Rgxc5 23.Rf2 Re5 24.Be2 Ng3 25.Bd3 Ke7 26.Rf4 Rh8 { ...1/2-1/2,
Azarov Sergei 2490 - Horvath Adam 2490 , Athens 2001 Ch World (juniors) (under
20) } ) 7...Nxd4 ( 7...Nf6 8.O-O-O Bb4 9.f3 Ne5 10.Nb3 b5 11.Bd4 Be7 12.Kb1 d6
13.Qf2 Rb8 14.g4 h6 15.h4 Nc4 16.Bxc4 bxc4 17.Nd2 e5 18.Ba7 Rb7 19.g5 Nh5
20.Nd5 Qc6 21.Nf1 Be6 22.Be3 Bxd5 23.exd5 Qb5 24.c3 Nf4 25.Bxf4 exf4 26.Rg1
O-O 27.Rg2 { ...1/2-1/2, Morozevich Alexander 2742 - Anand Viswanathan 2770 ,
Dortmund 2001 It (cat.21) } ) ( 7...b5 8.Nxc6 Qxc6 9.f3 Bb7 10.O-O-O Ne7
11.Kb1 Ng6 12.h4 b4 13.Ne2 Ne5 14.Nf4 Rc8 15.Bd4 f6 16.Nh5 Qd6 17.Qe1 Qc7
18.Rd2 Bc5 19.Nxg7+ Ke7 20.Qe3 h5 21.Be2 Rh7 22.Nxh5 Rxh5 23.f4 Bxd4 24.Qxd4
Nc6 25.Qe3 Rh7 26.g4 Rg8 27.g5 { ...0-1, Grischuk Alexander 2712 - Polgar
Judit 2700 , Wijk aan Zee 2003 It (cat.19) } ) 8.Bxd4 b5 ( 8...Ne7 9.Qg5 h6
10.Qe3 d6 11.Bb6 Qb8 12.f4 Bd7 13.f5 Nc8 14.fxe6 fxe6 15.Be2 Nxb6 16.Qxb6 Qa7
17.Bh5+ Ke7 18.Qb3 g6 19.Bg4 h5 20.Be2 Bh6 21.e5 d5 22.Qb4+ Ke8 23.Nd1 Rf8
24.Bd3 Rf4 25.Bxg6+ Kd8 26.Qa5+ b6 27.Qc3 Rg4 28.Bxh5 { ...1/2-1/2, Anand
Viswanathan 2555 - Gobet Fernand 2405 , Biel 1988 It (cat.8) } ) 9.O-O-O { } (
9.a4 b4 10.Na2 Nf6 11.Bd3 Bb7 12.Bxf6 gxf6 13.O-O Bd6 14.h3 Rg8 15.Nxb4 f5
16.Rfe1 Qc5 17.Nd5 Bxd5 18.exd5 Qxd5 19.f4 Bxf4 20.Qe2 Ke7 21.Rf1 Be5 22.Rad1
Rg5 23.Bxa6 Qc5+ 24.Kh1 Rag8 25.Bb7 Bb8 26.Bf3 Qc7 27.g4 fxg4 28.Bxg4 h5 {
...0-1, Zontakh Andrey 2578 - Abramovic Bosko 2485 , Novi Sad 2000 Ch
Yugoslavia (team) } ) ( 9.Bd3 Bb7 10.O-O Nf6 11.e5 Ng4 12.f4 Bc5 13.Be4 b4
14.Na4 Bxd4+ 15.Qxd4 Bxe4 16.Qxe4 O-O 17.Qe2 h5 18.Rae1 g6 19.h3 Nh6 20.g4
hxg4 21.hxg4 Qc6 22.b3 Kg7 23.Rf2 Rh8 24.Rg2 d6 25.Rf1 Rae8 26.Nb2 Qc3 27.Nd3
Qd4+ 28.Rff2 Rd8 { ...0-1, Winge Stefan 2270 - Akesson Ralf 2425 , Stockholm
1989 Ch Sweden } ) ( 9.Be2 Bb7 { } ) 9...Bb7 ( 9...Ne7 10.Be3 Ng6 11.Kb1 Bb7
12.h4 Ne5 13.Bf4 f6 14.f3 Rc8 15.Ne2 Bc5 16.Nc1 O-O 17.h5 d5 18.exd5 Bxd5
19.h6 g6 20.Nd3 Be3 21.Bxe5 fxe5 22.Qe2 Qc4 23.Nb4 Qxb4 24.Qxe3 e4 25.Be2 Rfd8
26.Qa7 Qf8 27.fxe4 Bxe4 28.Rde1 Bxc2+ 29.Ka1 { ...1-0, Rizouk Aimen 2519 -
Teran Alvarez Ismael 2404 , Linares 2003 It (open) } ) 10.Qe3 { ?! } ( 10.Be5
{ !? } 10...Qd8 11.f3 Rc8 12.Bd6 { } ) 10...Rc8 11.Bd3 Nf6 12.Kb1 Bc5 13.Bxc5
Qxc5 14.Qg3 O-O { N } ( 14...Nh5 15.Qh4 Qe5 16.Ne2 Nf6 17.f3 b4 18.Qg3 Qxg3
19.hxg3 Ke7 20.g4 h6 21.c3 a5 22.Bb5 d5 23.exd5 Bxd5 24.cxb4 axb4 25.Nf4 Bc4
26.Bxc4 Rxc4 27.Nh5 { ...1/2-1/2, Gonzalez Jorge V 2146 - Ivanisevic Ivan 2555
, Bled 2002 Olympiad } 27...g6 28.Nxf6 Kxf6 29.b3 Rc7 30.Rd4 Rb7 31.f4 h5
32.Rc4 Rb5 33.gxh5 Rhxh5 34.Rxh5 { ...1/2-1/2, Gonzalez Jorge V 2146 -
Ivanisevic Ivan 2555 , Bled 2002 Olympiad } ) 15.e5 Nh5 16.Qg5 g6 17.f4 f6
18.Qh6 Rf7 19.g4 Nxf4 20.Qxf4 fxe5 21.Qg3 Rf3 { ? } ( 21...Bxh1 { ! } 22.Rxh1
Qc6 23.Re1 b4 { } ) 22.Qh4 Rxd3 { ? } ( 22...d5 { ! } 23.Rhf1 Rxf1 24.Rxf1 Qd6
{ } ) 23.Rxd3 { } {#r} 1-0

[Event "Ch Poland (juniors) (under 20) (1/2 final)"]
[Site "masterchessopen.com Poraj (Poland)"]
[Round "9"]
[White "Janiszewski Maciej (POL)"]
[Black "Grycel Kamil (POL)"]
[Result "0-1"]
[WhiteElo "2089"]
[BlackElo "2263"]

1.e4 c5 2.Nf3 e6 3.d4 cxd4 4.Nxd4 Nc6 5.Nc3 Qc7 6.Be3 a6 7.Qd2 b5 8.Nxc6 Qxc6
9.f3 Bb7 10.O-O-O Rc8 11.Bd4 b4 12.Ne2 Nf6 13.Be5 Be7 14.Nd4 Qb6 15.Nb3 d5
16.Bd4 Qc7 17.exd5 Nxd5 18.Bd3 O-O 19.Rde1 Bd6 20.g3 e5 21.Re4 Nf6 22.Rh4 exd4
23.Nxd4 {#R} 0-1

[Event "Ch Provence"]
[Site "masterchessopen.com Provence (France)"]
[Round "3"]
[White "Ferrero Patrick (FRA)"]
[Black "Jean Olivier (FRA)"]
[Result "0-1"]
[WhiteElo "2018"]
[BlackElo "2186"]

1.e4 c5 2.Nf3 e6 3.d4 cxd4 4.Nxd4 Nc6 5.Nc3 Qc7 6.Be3 a6 7.a4 Nf6 8.Bd3 Bb4
9.Ne2 Ng4 10.Bd2 Bc5 11.Bf4 Bxf2+ 12.Kd2 Qb6 13.Qf1 Be3+ 14.Bxe3 Qxe3+ 15.Ke1
Nge5 16.h4 Nb4 17.Kd1 Nexd3 18.cxd3 Qxd3+ {#R} 0-1